Mencermati aliran sesat : rekontruksi pemahaman Islam
| Main Author: | Al-Haq, Muhammad Umar Jiau |
|---|---|
| Published: |
Bandung:
CV. Pustaka Islamika,
2009.
|
| Subjects: |
| LEADER | 00570cam a2200169 7i4500 | ||
|---|---|---|---|
| 001 | 0000043573 | ||
| 005 | 20130318090000.0 | ||
| 020 | |a 9789791737838 (pbk.) | ||
| 090 | 0 | 0 | |a BP167.5 |b .H38 2009 |
| 100 | 1 | |a Al-Haq, Muhammad Umar Jiau | |
| 245 | 1 | 0 | |a Mencermati aliran sesat : |b rekontruksi pemahaman Islam |c Muhammad Umar Jiau al-Haq. |
| 260 | |a Bandung: |b CV. Pustaka Islamika, |c 2009. | ||
| 300 | |a 363 p.; |c 23 cm. | ||
| 650 | 0 | 0 | |a Heresies, Islamic |
| 650 | 0 | 0 | |a Heretics, Muslim |
| 997 | |a Centre for Graduate Studies | ||
| 999 | |a 0000051977 |b BOK |c OPEN SHELF |e 1st Floor, Bestari Jaya | ||


